Organizing Industrial Development

Salvato in:
Dettagli Bibliografici
Altri autori: Wolff, Rolf
Natura: Libro
Lingua:inglese
Pubblicazione: Berlin Gruyter 1986
Edizione:1. ed.
Tags: Aggiungi Tag
Nessun Tag, puoi essere il primo ad aggiungerne!!

MARC

LEADER 00000nam a2200000 4500
001 c033739
005 20221220072243.7
041 0 |a eng 
044 |a DE 
245 1 0 |a Organizing Industrial Development  |c Edit. Rolf Wolff 
250 |a 1. ed. 
264 1 |a Berlin  |b Gruyter  |c 1986 
300 |a 391 s. 
700 1 |a Wolff, Rolf